[Event "IIFL Wealth  4th Mumbai Junior U-13"]
[Site "Mumbai"]
[Date "2019.01.02"]
[Round "4"]
[White "Mitank Maru"]
[Black "Bajaj Prakhar"]
[Result "0-1"]
[WhiteElo "1312"]
[BlackElo "1551"]
[Annotator "NA"]
[PlyCount "120"]
[EventDate "2018.12.30"]
[EventType "swiss"]
[EventCountry "IND"]
[SourceTitle "playchess.com"]
[Source "ChessBase"]
[SourceQuality "1"]
[TimeControl "40/5400+30:1800+30"]

1. c4 {[%emt 0:00:00]} c5 {[%emt 0:00:00]} 2. Nc3 {[%emt 0:00:21]} Nc6 {[%emt 0:00:00]} 3. e3 {[%emt 0:02:24]} Nf6 {[%emt 0:02:07]} 4. d4 {[%emt 0:01:00]} cxd4 {[%emt 0:00:27]} 5. exd4 {[%emt 0:00:15]} d5 {[%emt 0:00:14]} 6. Nf3 {[%emt 0:00:18]} e6 {[%emt 0:19:56]} 7. Bg5 {[%emt 0:07:30]} Be7 {[%emt 0:00:22]} 8. Be2 {[%emt 0:05:41]} O-O {[%emt 0:04:38]} 9. O-O {[%emt 0:04:27]} b6 {[%emt 0:07:40]} 10. Rc1 {[%emt 0:07:34]} Bb7 {[%emt 0:00:11]} 11. Ne5 {[%emt 0:05:35]} dxc4 {[%emt 0:23:41]} 12. Nxc6 {[%emt 0:03:54]} Bxc6 {[%emt 0:01:03]} 13. Bxc4 {[%emt 0:03:07]} h6 {[%emt 0:07:19]} 14. Bf4 {[%emt 0:06:57]} Nd5 {[%emt 0:05:20]} 15. Nxd5 {[%emt 0:04:11]} Bxd5 {[%emt 0:00:15]} 16. Ba6 {[%emt 0:08:11]} Bd6 {[%emt 0:10:16]} 17. Qg4 {[%emt 0:07:38]} Bxf4 {[%emt 0:02:30]} 18. Qxf4 {[%emt 0:00:05]} Bxa2 {[%emt 0:02:19]} 19. Bb7 {[%emt 0:12:39]} Rb8 {[%emt 0:01:14]} 20. Rc7 {[%emt 0:02:45]} Bc4 {[%emt 0:04:00]} 21. Rc1 {[%emt 0:01:41]} b5 {[%emt 0:00:34]} 22. Bc6 {[%emt 0:04:53]} a5 {[%emt 0:01:22]} 23. Rd7 {[%emt 0:03:23]} Qg5 {[%emt 0:00:36]} 24. Qxg5 {[%emt 0:02:23]} hxg5 {[%emt 0:00:01]} 25. Rc3 {[%emt 0:01:41]} a4 {[%emt 0:00:36]} 26. f3 {[%emt 0:01:16]} Rfc8 {[%emt 0:00:34]} 27. Be4 {[%emt 0:02:12]} Rd8 {[%emt 0:00:38]} 28. Rxd8+ {[%emt 0:01:12]} Rxd8 {[%emt 0:00:01]} 29. Bc2 {[%emt 0:00:27]} Rxd4 {[%emt 0:00:07]} 30. Kf2 {[%emt 0:00:20]} b4 {[%emt 0:02:32]} 31. Rxc4 {[%emt 0:00:22]} Rxc4 {[%emt 0:00:05]} 32. Bxa4 {[%emt 0:00:10]} b3 {[%emt 0:00:19]} 33. Bxb3 {[%emt 0:00:07]} Rb4 {[%emt 0:00:03]} 34. Bd1 {[%emt 0:00:25]} Rxb2+ {[%emt 0:00:04]} 35. Kg3 {[%emt 0:00:54]} f5 {[%emt 0:00:08]} 36. h3 {[%emt 0:00:20]} Kf7 {[%emt 0:00:08]} 37. Ba4 {[%emt 0:00:20]} Kf6 {[%emt 0:00:06]} 38. Bc6 {[%emt 0:00:30]} e5 {[%emt 0:00:14]} 39. Bd5 {[%emt 0:00:45]} Re2 {[%emt 0:00:16]} 40. Bc4 {[%emt 0:00:00]} Rd2 {[%emt 0:00:00]} 41. Bf1 {[%emt 0:04:25]} f4+ {[%emt 0:00:40]} 42. Kh2 {[%emt 0:00:47]} Kf5 {[%emt 0:00:20]} 43. Kg1 {[%emt 0:00:39]} e4 {[%emt 0:01:00]} 44. fxe4+ {[%emt 0:02:42]} Kxe4 {[%emt 0:00:04]} 45. Ba6 Ke3 {[%emt 0:00:17]} 46. Bb7 {[%emt 0:01:11]} Rd1+ {[%emt 0:00:29]} 47. Kh2 Kf2 {[%emt 0:00:22]} 48. Bf3 {[%emt 0:00:33]} Rd3 {[%emt 0:00:38]} 49. Be4 {[%emt 0:00:24]} Rg3 {[%emt 0:00:18]} 50. Bc6 {[%emt 0:01:02]} g4 {[%emt 0:00:13]} 51. hxg4 {[%emt 0:00:24]} Rxg4 {[%emt 0:00:12]} 52. Kh3 {[%emt 0:00:36]} Rg3+ {[%emt 0:00:02]} 53. Kh2 {[%emt 0:01:14]} Rg6 {[%emt 0:00:16]} 54. Bd7 {[%emt 0:00:53]} Rh6+ {[%emt 0:00:06]} 55. Bh3 {[%emt 0:00:09]} g5 {[%emt 0:00:05]} 56. Kh1 {[%emt 0:00:21]} g4 {[%emt 0:00:04]} 57. Kh2 {[%emt 0:00:46]} g3+ {[%emt 0:00:40]} 58. Kh1 {[%emt 0:00:08]} Rxh3+ {[%emt 0:00:02]} 59. gxh3 g2+ {[%emt 0:00:03]} 60. Kh2 {[%emt 0:01:01]} g1=Q# 0-1

[Event "IIFL Wealth  4th Mumbai Junior U-13"]
[Site "Mumbai"]
[Date "2019.01.02"]
[Round "4"]
[White "Wahba, David George"]
[Black "Mahi Amit Doshi"]
[Result "0-1"]
[WhiteElo "1295"]
[BlackElo "1551"]
[Annotator "NA"]
[PlyCount "66"]
[EventDate "2018.12.30"]
[EventType "swiss"]
[EventCountry "IND"]
[SourceTitle "playchess.com"]
[Source "ChessBase"]
[SourceQuality "1"]
[TimeControl "40/5400+30:1800+30"]

1. e4 {[%emt 0:00:00]} c6 {[%emt 0:00:00]} 2. d4 {[%emt 0:00:00]} d5 {[%emt 0:00:00]} 3. exd5 {[%emt 0:00:00]} cxd5 {[%emt 0:00:00]} 4. c4 {[%emt 0:00:02]} Nf6 {[%emt 0:00:52]} 5. Nf3 {[%emt 0:05:22]} Nc6 {[%emt 0:00:01]} 6. Nc3 {[%emt 0:08:16]} Bg4 {[%emt 0:06:13]} 7. Be3 {[%emt 0:02:58]} e6 {[%emt 0:04:23]} 8. h3 {[%emt 0:01:17]} Bh5 {[%emt 0:01:21]} 9. Bd3 {[%emt 0:09:55]} Be7 {[%emt 0:07:51]} 10. O-O {[%emt 0:02:20]} O-O {[%emt 0:00:34]} 11. cxd5 {[%emt 0:00:33]} Nxd5 {[%emt 0:00:26]} 12. Be2 {[%emt 0:00:46]} Bxf3 {[%emt 0:07:36]} 13. Bxf3 {[%emt 0:00:32]} Nxe3 14. fxe3 {[%emt 0:00:19]} Rc8 {[%emt 0:10:41]} 15. Rc1 {[%emt 0:01:05]} Qb6 {[%emt 0:01:20]} 16. Qb3 {[%emt 0:00:19]} Qxb3 {[%emt 0:07:34]} 17. axb3 {[%emt 0:00:14]} Na5 {[%emt 0:04:06]} 18. Ne2 {[%emt 0:01:39]} b6 {[%emt 0:03:29]} 19. Rxc8 {[%emt 0:02:22]} Rxc8 {[%emt 0:00:03]} 20. Be4 {[%emt 0:00:17]} Nxb3 {[%emt 0:02:06]} 21. Bd3 {[%emt 0:00:13]} g6 {[%emt 0:05:00]} 22. Nc3 {[%emt 0:00:54]} Bg5 {[%emt 0:02:50]} 23. Rf3 {[%emt 0:01:03]} Nd2 {[%emt 0:04:39]} 24. Rg3 {[%emt 0:00:10]} Bh4 {[%emt 0:00:15]} 25. Rg4 {[%emt 0:00:19]} g5 {[%emt 0:00:34]} 26. Ne4 {[%emt 0:00:27]} Rc1+ {[%emt 0:01:11]} 27. Kh2 {[%emt 0:00:15]} f5 {[%emt 0:03:48]} 28. Nxd2 fxg4 {[%emt 0:00:24]} 29. g3 {[%emt 0:00:58]} Rd1 {[%emt 0:00:48]} 30. Ne4 {[%emt 0:00:17]} Rxd3 {[%emt 0:00:30]} 31. gxh4 g3+ {[%emt 0:01:33]} 32. Nxg3 {[%emt 0:00:24]} gxh4 {[%emt 0:00:25]} 33. Nf1 Rd2+ 0-1

[Event "IIFL Wealth  4th Mumbai Junior U-13"]
[Site "Mumbai"]
[Date "2019.01.02"]
[Round "4"]
[White "Srivatsan Karthikeyan"]
[Black "Jain Adi"]
[Result "0-1"]
[WhiteElo "1288"]
[BlackElo "1545"]
[Annotator "NA"]
[PlyCount "52"]
[EventDate "2018.12.30"]
[EventType "swiss"]
[EventCountry "IND"]
[SourceTitle "playchess.com"]
[Source "ChessBase"]
[SourceQuality "1"]
[TimeControl "40/5400+30:1800+30"]

1. e4 {[%emt 0:00:00]} e5 {[%emt 0:00:00]} 2. Nf3 {[%emt 0:00:18]} Nc6 {[%emt 0:00:00]} 3. Bc4 {[%emt 0:00:06]} Nf6 {[%emt 0:01:42]} 4. Ng5 {[%emt 0:01:19]} d5 {[%emt 0:00:08]} 5. exd5 {[%emt 0:00:09]} Na5 {[%emt 0:00:05]} 6. Bb5+ {[%emt 0:00:34]} c6 {[%emt 0:00:23]} 7. dxc6 {[%emt 0:00:10]} bxc6 {[%emt 0:00:04]} 8. Be2 {[%emt 0:00:08]} h6 {[%emt 0:00:44]} 9. Nf3 {[%emt 0:00:14]} e4 {[%emt 0:00:43]} 10. Ne5 {[%emt 0:00:45]} Bd6 {[%emt 0:04:07]} 11. d4 {[%emt 0:04:58]} exd3 {[%emt 0:13:11]} 12. Nxd3 {[%emt 0:02:29]} Qc7 {[%emt 0:00:47]} 13. h3 {[%emt 0:03:43]} c5 {[%emt 0:07:59]} 14. Bd2 {[%emt 0:03:55]} Rb8 {[%emt 0:12:15]} 15. c4 {[%emt 0:10:30]} O-O {[%emt 0:06:04]} 16. Qa4 {[%emt 0:07:02]} Nc6 {[%emt 0:02:27]} 17. O-O {[%emt 0:02:11]} Nd4 {[%emt 0:00:31]} 18. Qd1 {[%emt 0:08:17]} Re8 {[%emt 0:02:22]} 19. Be3 {[%emt 0:00:07]} Nf5 {[%emt 0:05:19]} 20. Bd2 {[%emt 0:00:39]} Ne4 {[%emt 0:01:10]} 21. Nc3 {[%emt 0:05:02]} Bh2+ {[%emt 0:19:51]} 22. Kh1 {[%emt 0:00:52]} Nxf2+ {[%emt 0:13:31]} 23. Rxf2 {[%emt 0:00:25]} Ng3+ {[%emt 0:00:17]} 24. Kxh2 {[%emt 0:00:39]} Nf1+ {[%emt 0:00:11]} 25. Kg1 {[%emt 0:00:18]} Qh2+ {[%emt 0:00:05]} 26. Kxf1 {[%emt 0:00:05]} Qh1# 0-1

[Event "IIFL Wealth  4th Mumbai Junior U-13"]
[Site "Mumbai"]
[Date "2019.01.02"]
[Round "4"]
[White "Tawade Arnav"]
[Black "Abhinav Dubey"]
[Result "1/2-1/2"]
[WhiteElo "1285"]
[BlackElo "1497"]
[Annotator "NA RC"]
[PlyCount "33"]
[EventDate "2018.12.30"]
[EventType "swiss"]
[EventCountry "IND"]
[SourceTitle "playchess.com"]
[Source "ChessBase"]
[SourceQuality "1"]
[TimeControl "40/5400+30:1800+30"]

1. d4 {[%emt 0:00:00]} d5 {[%emt 0:00:00]} 2. c4 {[%emt 0:00:00]} e6 {[%emt 0:00:00]} 3. Nc3 {[%emt 0:00:00]} c5 {[%emt 0:00:00]} 4. cxd5 {[%emt 0:00:09]} exd5 {[%emt 0:00:00]} 5. g3 {[%emt 0:00:00]} Nc6 {[%emt 0:00:00]} 6. Bg2 {[%emt 0:00:07]} Nf6 {[%emt 0:00:00]} 7. Nf3 {[%emt 0:00:30]} Be7 {[%emt 0:00:00]} 8. O-O {[%emt 0:00:10]} O-O {[%emt 0:00:05]} 9. dxc5 {[%emt 0:00:23]} Bxc5 {[%emt 0:00:09]} 10. Na4 {[%emt 0:00:43]} Be7 {[%emt 0:00:22]} 11. Be3 {[%emt 0:00:11]} Bf5 {[%emt 0:05:26]} 12. Rc1 {[%emt 0:05:34]} Ne4 {[%emt 0:07:12]} 13. Nc5 {[%emt 0:07:42]} Bxc5 {[%emt 0:05:58]} 14. Bxc5 {[%emt 0:00:31]} Re8 {[%emt 0:00:24]} 15. Re1 {[%emt 0:10:57]} Rc8 {[%emt 0:04:52]} 16. Bh3 {[%emt 0:28:41]} Bg6 {[%emt 0:08:16]} 17. Qa4 {[%emt 0:07:25]} 1/2-1/2

[Event "IIFL Wealth  4th Mumbai Junior U-13"]
[Site "Mumbai"]
[Date "2019.01.02"]
[Round "4"]
[White "Keshav Padmanabhan"]
[Black "Sureka Akshat"]
[Result "1/2-1/2"]
[WhiteElo "1272"]
[BlackElo "1078"]
[Annotator "NA RC"]
[PlyCount "109"]
[EventDate "2018.12.30"]
[EventType "swiss"]
[EventCountry "IND"]
[SourceTitle "playchess.com"]
[Source "ChessBase"]
[SourceQuality "1"]
[TimeControl "40/5400+30:1800+30"]

1. e4 {[%emt 0:00:00]} c5 {[%emt 0:02:25]} 2. Nc3 {[%emt 0:00:00]} d6 {[%emt 0:00:29]} 3. g3 {[%emt 0:00:00]} Nf6 {[%emt 0:00:34]} 4. Bg2 {[%emt 0:00:36]} a6 {[%emt 0:00:17]} 5. d3 {[%emt 0:00:06]} e6 {[%emt 0:00:30]} 6. Be3 {[%emt 0:00:15]} Be7 {[%emt 0:00:37]} 7. f4 {[%emt 0:00:12]} Nbd7 {[%emt 0:00:30]} 8. h3 {[%emt 0:00:11]} O-O {[%emt 0:01:08]} 9. Nf3 {[%emt 0:01:30]} b5 {[%emt 0:00:41]} 10. O-O {[%emt 0:02:05]} Bb7 {[%emt 0:01:26]} 11. Kh2 {[%emt 0:00:52]} Re8 {[%emt 0:02:00]} 12. Qd2 {[%emt 0:00:53]} Bf8 {[%emt 0:00:55]} 13. a3 {[%emt 0:20:08]} g6 {[%emt 0:02:01]} 14. Rae1 {[%emt 0:12:05]} Bg7 {[%emt 0:00:52]} 15. f5 {[%emt 0:05:39]} exf5 {[%emt 0:03:09]} 16. exf5 {[%emt 0:03:06]} d5 {[%emt 0:00:44]} 17. fxg6 {[%emt 0:09:59]} d4 {[%emt 0:01:50]} 18. gxf7+ {[%emt 0:00:11]} Kxf7 {[%emt 0:00:22]} 19. Ng5+ {[%emt 0:00:09]} Kg8 {[%emt 0:00:35]} 20. Bxb7 {[%emt 0:01:28]} dxe3 {[%emt 0:00:10]} 21. Rxe3 {[%emt 0:00:54]} Ra7 {[%emt 0:00:35]} 22. Rxe8+ {[%emt 0:01:35]} Qxe8 {[%emt 0:00:14]} 23. Bg2 {[%emt 0:00:27]} h6 {[%emt 0:02:22]} 24. Nge4 {[%emt 0:01:19]} Qe5 {[%emt 0:04:11]} 25. Nxf6+ {[%emt 0:07:21]} Nxf6 {[%emt 0:00:23]} 26. Qf4 {[%emt 0:01:54]} Qxf4 {[%emt 0:03:05]} 27. Rxf4 {[%emt 0:00:43]} Rd7 {[%emt 0:01:08]} 28. Rf5 {[%emt 0:02:20]} c4 {[%emt 0:00:45]} 29. dxc4 {[%emt 0:07:49]} bxc4 {[%emt 0:00:15]} 30. Rc5 {[%emt 0:00:32]} Rd2 {[%emt 0:01:05]} 31. Rxc4 {[%emt 0:04:24]} Rxc2 {[%emt 0:02:52]} 32. Rb4 {[%emt 0:00:56]} Nd7 {[%emt 0:01:48]} 33. Rb3 {[%emt 0:05:40]} Nc5 {[%emt 0:02:25]} 34. Rb8+ {[%emt 0:00:08]} Kh7 {[%emt 0:00:10]} 35. Rc8 {[%emt 0:00:06]} Nd3 {[%emt 0:00:19]} 36. Re8 {[%emt 0:03:35]} Ne5 {[%emt 0:02:54]} 37. g4 {[%emt 0:04:18]} Rxb2 {[%emt 0:01:23]} 38. Nd5 {[%emt 0:03:27]} Ng6 {[%emt 0:01:41]} 39. Nb4 {[%emt 0:01:55]} Nh4 {[%emt 0:01:26]} 40. Kg3 {[%emt 0:00:00]} Nxg2 {[%emt 0:00:00]} 41. Nxa6 {[%emt 0:07:30]} Bf6 {[%emt 0:01:45]} 42. Rc8 Bh4+ {[%emt 0:01:40]} 43. Kf3 {[%emt 0:04:08]} Ne1+ {[%emt 0:00:50]} 44. Ke4 {[%emt 0:03:36]} Rb3 {[%emt 0:01:57]} 45. Rc7+ {[%emt 0:00:57]} Kg8 {[%emt 0:00:12]} 46. Rc8+ {[%emt 0:02:32]} Kf7 {[%emt 0:00:41]} 47. Rc7+ {[%emt 0:01:26]} Ke8 {[%emt 0:01:28]} 48. Rc8+ {[%emt 0:02:07]} Ke7 {[%emt 0:01:54]} 49. Rc7+ {[%emt 0:01:09]} Kd8 {[%emt 0:00:36]} 50. Rh7 {[%emt 0:01:56]} Be7 {[%emt 0:01:39]} 51. Nb4 {[%emt 0:03:05]} Bxb4 {[%emt 0:01:03]} 52. axb4 {[%emt 0:00:02]} Rxb4+ {[%emt 0:00:31]} 53. Kf5 {[%emt 0:00:42]} Rb5+ {[%emt 0:00:17]} 54. Kg6 {[%emt 0:01:22]} Rb6+ {[%emt 0:00:14]} 55. Kg7 {[%emt 0:00:25]} 1/2-1/2

[Event "IIFL Wealth  4th Mumbai Junior U-13"]
[Site "Mumbai"]
[Date "2019.01.02"]
[Round "4"]
[White "Sushanth Kamabathula"]
[Black "Shrey Nilkant"]
[Result "1-0"]
[WhiteElo "1267"]
[BlackElo "1466"]
[Annotator "NA RC"]
[PlyCount "83"]
[EventDate "2018.12.30"]
[EventType "swiss"]
[EventCountry "IND"]
[SourceTitle "playchess.com"]
[Source "ChessBase"]
[SourceQuality "1"]
[TimeControl "40/5400+30:1800+30"]

1. e4 {[%emt 0:00:26]} e5 {[%emt 0:00:00]} 2. Nf3 {[%emt 0:00:09]} Nc6 {[%emt 0:00:07]} 3. Bc4 {[%emt 0:00:13]} Nf6 {[%emt 0:00:12]} 4. d3 {[%emt 0:00:08]} Be7 {[%emt 0:00:30]} 5. O-O {[%emt 0:04:26]} O-O {[%emt 0:00:14]} 6. c3 {[%emt 0:00:29]} d6 {[%emt 0:00:16]} 7. a4 {[%emt 0:00:37]} Na5 {[%emt 0:00:43]} 8. Ba2 c5 {[%emt 0:00:25]} 9. Na3 {[%emt 0:03:16]} Nc6 {[%emt 0:01:38]} 10. Re1 {[%emt 0:01:46]} Re8 {[%emt 0:01:30]} 11. Nc2 {[%emt 0:07:29]} h6 {[%emt 0:02:18]} 12. Ne3 {[%emt 0:10:04]} Bf8 {[%emt 0:02:31]} 13. Bd2 {[%emt 0:08:43]} Be6 {[%emt 0:07:25]} 14. Nd5 {[%emt 0:00:59]} Bxd5 {[%emt 0:18:32]} 15. Bxd5 {[%emt 0:00:14]} Nxd5 {[%emt 0:04:51]} 16. exd5 {[%emt 0:00:12]} Ne7 {[%emt 0:00:13]} 17. c4 g5 {[%emt 0:03:59]} 18. h3 {[%emt 0:17:39]} f5 {[%emt 0:04:52]} 19. Nh2 {[%emt 0:05:53]} Ng6 {[%emt 0:04:07]} 20. g3 {[%emt 0:08:23]} Bg7 {[%emt 0:06:42]} 21. Qc2 {[%emt 0:02:44]} Qd7 {[%emt 0:04:46]} 22. Bc3 {[%emt 0:02:43]} Qf7 {[%emt 0:03:40]} 23. Rab1 {[%emt 0:02:39]} f4 {[%emt 0:13:41]} 24. b4 {[%emt 0:01:23]} Qf5 {[%emt 0:02:54]} 25. g4 {[%emt 0:00:50]} Qf7 {[%emt 0:00:08]} 26. Nf3 {[%emt 0:00:10]} h5 {[%emt 0:04:54]} 27. Nxg5 {[%emt 0:15:00]} Qf6 {[%emt 0:00:35]} 28. Nf3 {[%emt 0:00:21]} Nh4 {[%emt 0:00:38]} 29. Qe2 {[%emt 0:01:57]} Kf7 {[%emt 0:01:21]} 30. bxc5 {[%emt 0:00:18]} Nxf3+ {[%emt 0:07:58]} 31. Qxf3 {[%emt 0:00:13]} hxg4 {[%emt 0:00:11]} 32. Rxb7+ {[%emt 0:01:09]} Re7 {[%emt 0:00:03]} 33. Rxe7+ {[%emt 0:00:09]} Qxe7 {[%emt 0:00:11]} 34. hxg4 {[%emt 0:02:45]} dxc5 {[%emt 0:00:20]} 35. d6 {[%emt 0:00:28]} Qe8 {[%emt 0:01:27]} 36. Qd5+ {[%emt 0:00:17]} Kg6 {[%emt 0:00:52]} 37. Bxe5 {[%emt 0:02:04]} Qc8 {[%emt 0:01:08]} 38. Qe4+ {[%emt 0:00:41]} Kf7 {[%emt 0:00:41]} 39. Qxf4+ {[%emt 0:00:08]} Kg8 {[%emt 0:00:08]} 40. Bxg7 {[%emt 0:00:00]} Kxg7 {[%emt 0:00:00]} 41. Re7+ {[%emt 0:00:54]} Kh8 {[%emt 0:00:40]} 42. Qf6+ 1-0

[Event "IIFL Wealth  4th Mumbai Junior U-13"]
[Site "Mumbai"]
[Date "2019.01.02"]
[Round "4"]
[White "Rout Yashita"]
[Black "Nanal Arnav"]
[Result "0-1"]
[WhiteElo "1264"]
[BlackElo "1456"]
[Annotator "NA RC"]
[PlyCount "112"]
[EventDate "2018.12.30"]
[EventType "swiss"]
[EventCountry "IND"]
[SourceTitle "playchess.com"]
[Source "ChessBase"]
[SourceQuality "1"]
[TimeControl "40/5400+30:1800+30"]

1. e4 {[%emt 0:07:51]} c5 {[%emt 0:00:00]} 2. Nf3 {[%emt 0:00:22]} d6 {[%emt 0:00:00]} 3. d4 {[%emt 0:00:25]} cxd4 {[%emt 0:00:07]} 4. Nxd4 {[%emt 0:00:15]} Nf6 {[%emt 0:00:10]} 5. Nc3 {[%emt 0:00:34]} a6 {[%emt 0:00:06]} 6. Be2 {[%emt 0:00:43]} e5 {[%emt 0:00:12]} 7. Nb3 {[%emt 0:00:48]} Be6 {[%emt 0:00:17]} 8. O-O {[%emt 0:00:23]} Be7 {[%emt 0:00:08]} 9. Qd3 {[%emt 0:00:43]} Nbd7 {[%emt 0:01:06]} 10. Bd2 {[%emt 0:00:47]} O-O {[%emt 0:00:31]} 11. Nd5 {[%emt 0:00:11]} Bxd5 {[%emt 0:02:44]} 12. exd5 {[%emt 0:00:13]} b5 {[%emt 0:04:46]} 13. Bf3 {[%emt 0:13:48]} Re8 {[%emt 0:03:48]} 14. Rfe1 {[%emt 0:01:11]} Qc7 {[%emt 0:04:12]} 15. Rad1 {[%emt 0:07:05]} Rac8 {[%emt 0:03:56]} 16. c3 {[%emt 0:00:52]} h6 {[%emt 0:02:58]} 17. Bc1 {[%emt 0:01:09]} Bf8 {[%emt 0:06:07]} 18. Be4 {[%emt 0:07:06]} Nxe4 {[%emt 0:03:16]} 19. Qxe4 {[%emt 0:00:56]} Nf6 {[%emt 0:03:58]} 20. Qd3 {[%emt 0:02:36]} Qc4 {[%emt 0:02:26]} 21. f3 {[%emt 0:09:55]} a5 {[%emt 0:21:21]} 22. Qxc4 {[%emt 0:02:40]} bxc4 {[%emt 0:00:45]} 23. Nd2 {[%emt 0:04:56]} Rc5 {[%emt 0:04:44]} 24. Ne4 {[%emt 0:00:11]} Nxe4 {[%emt 0:00:08]} 25. fxe4 {[%emt 0:00:11]} Be7 {[%emt 0:01:33]} 26. Rf1 {[%emt 0:02:23]} Bg5 {[%emt 0:00:44]} 27. Bxg5 {[%emt 0:03:10]} hxg5 {[%emt 0:00:01]} 28. Rd2 {[%emt 0:01:46]} Rb8 {[%emt 0:00:31]} 29. Rff2 {[%emt 0:00:55]} a4 {[%emt 0:01:51]} 30. a3 {[%emt 0:00:21]} f6 {[%emt 0:00:38]} 31. g4 {[%emt 0:00:06]} Kf7 {[%emt 0:00:30]} 32. Kg2 {[%emt 0:00:15]} Rh8 {[%emt 0:00:09]} 33. Kg3 {[%emt 0:00:30]} Rb5 {[%emt 0:00:32]} 34. h3 {[%emt 0:00:14]} Rbb8 {[%emt 0:01:48]} 35. Rf1 {[%emt 0:00:15]} Rh4 {[%emt 0:00:14]} 36. Rh2 {[%emt 0:00:31]} Rf8 {[%emt 0:00:16]} 37. Rg2 {[%emt 0:02:05]} Ke7 {[%emt 0:00:25]} 38. Rgf2 {[%emt 0:00:07]} Rh7 {[%emt 0:00:27]} 39. Rf3 {[%emt 0:01:06]} g6 {[%emt 0:00:50]} 40. R3f2 {[%emt 0:00:00]} Rhf7 {[%emt 0:00:00]} 41. Rf3 {[%emt 0:05:39]} f5 {[%emt 0:06:52]} 42. gxf5 {[%emt 0:01:40]} gxf5 {[%emt 0:00:06]} 43. exf5 {[%emt 0:08:08]} Kf6 {[%emt 0:00:55]} 44. Re3 {[%emt 0:00:35]} Rh7 {[%emt 0:01:26]} 45. Re4 {[%emt 0:01:00]} Rfh8 {[%emt 0:01:25]} 46. Rh1 {[%emt 0:00:27]} Rh4 {[%emt 0:00:28]} 47. Rxh4 {[%emt 0:02:41]} Rxh4 {[%emt 0:00:28]} 48. Rf1 {[%emt 0:00:21]} Rf4 {[%emt 0:00:10]} 49. Rxf4 {[%emt 0:05:41]} exf4+ {[%emt 0:00:59]} 50. Kg4 {[%emt 0:00:15]} Ke5 {[%emt 0:00:20]} 51. h4 {[%emt 0:00:13]} gxh4 {[%emt 0:00:24]} 52. Kxh4 {[%emt 0:00:06]} Kxf5 {[%emt 0:00:08]} 53. Kh3 {[%emt 0:00:14]} Ke4 {[%emt 0:00:04]} 54. Kg2 {[%emt 0:00:04]} Ke3 {[%emt 0:00:08]} 55. Kf1 {[%emt 0:00:09]} f3 {[%emt 0:00:21]} 56. Ke1 {[%emt 0:00:05]} f2+ 0-1

[Event "IIFL Wealth  4th Mumbai Junior U-13"]
[Site "Mumbai"]
[Date "2019.01.02"]
[Round "4"]
[White "Haldankar Dhruv"]
[Black "Sairaj Dilip Vernekar"]
[Result "0-1"]
[WhiteElo "1245"]
[BlackElo "1445"]
[Annotator "NA"]
[PlyCount "88"]
[EventDate "2018.12.30"]
[EventType "swiss"]
[EventCountry "IND"]
[SourceTitle "playchess.com"]
[Source "ChessBase"]
[SourceQuality "1"]
[TimeControl "40/5400+30:1800+30"]

1. e4 {[%emt 0:00:00]} c5 {[%emt 0:00:00]} 2. Nf3 {[%emt 0:00:00]} e6 {[%emt 0:00:00]} 3. d4 {[%emt 0:00:35]} cxd4 {[%emt 0:01:01]} 4. Nxd4 {[%emt 0:00:04]} a6 {[%emt 0:01:07]} 5. a3 {[%emt 0:05:57]} b5 {[%emt 0:02:43]} 6. Nc3 {[%emt 0:10:23]} Bb7 {[%emt 0:02:44]} 7. b4 {[%emt 0:05:50]} Qc7 {[%emt 0:05:22]} 8. Bb2 {[%emt 0:03:23]} Nf6 {[%emt 0:01:37]} 9. Bd3 {[%emt 0:00:23]} Be7 {[%emt 0:01:59]} 10. O-O {[%emt 0:04:05]} O-O {[%emt 0:02:31]} 11. Kh1 {[%emt 0:04:19]} d6 {[%emt 0:05:38]} 12. f4 {[%emt 0:02:25]} Nbd7 {[%emt 0:01:11]} 13. g4 {[%emt 0:08:42]} d5 {[%emt 0:02:29]} 14. e5 {[%emt 0:00:58]} Ne4 {[%emt 0:00:32]} 15. Qe1 {[%emt 0:03:52]} Nxc3 {[%emt 0:08:19]} 16. Qxc3 {[%emt 0:02:20]} Qxc3 {[%emt 0:00:44]} 17. Bxc3 {[%emt 0:00:02]} g5 {[%emt 0:04:12]} 18. f5 {[%emt 0:06:05]} Nxe5 {[%emt 0:03:28]} 19. fxe6 {[%emt 0:01:56]} fxe6 {[%emt 0:01:19]} 20. Nxe6 {[%emt 0:01:24]} Rxf1+ {[%emt 0:00:29]} 21. Rxf1 {[%emt 0:00:02]} d4+ {[%emt 0:00:14]} 22. Kg1 {[%emt 0:01:12]} dxc3 {[%emt 0:00:06]} 23. Bf5 {[%emt 0:02:17]} Nc4 {[%emt 0:02:55]} 24. Bxh7+ {[%emt 0:01:16]} Kxh7 {[%emt 0:00:57]} 25. Rf7+ {[%emt 0:00:02]} Kg6 {[%emt 0:00:13]} 26. Rxe7 {[%emt 0:00:08]} Kf6 {[%emt 0:00:57]} 27. Rxb7 {[%emt 0:00:05]} Kxe6 {[%emt 0:00:04]} 28. Rc7 {[%emt 0:00:13]} a5 {[%emt 0:02:42]} 29. Rc5 {[%emt 0:02:02]} Nxa3 {[%emt 0:00:15]} 30. bxa5 {[%emt 0:00:13]} b4 {[%emt 0:00:31]} 31. Rc6+ {[%emt 0:00:34]} Kd5 {[%emt 0:00:19]} 32. Rg6 {[%emt 0:00:28]} Nxc2 {[%emt 0:00:08]} 33. Rxg5+ {[%emt 0:00:04]} Kc4 {[%emt 0:00:07]} 34. Rg7 {[%emt 0:00:13]} b3 {[%emt 0:00:07]} 35. Rc7+ {[%emt 0:00:04]} Kb4 {[%emt 0:00:05]} 36. Rb7+ {[%emt 0:00:05]} Ka3 {[%emt 0:00:03]} 37. g5 {[%emt 0:00:07]} b2 {[%emt 0:00:06]} 38. h4 {[%emt 0:00:23]} Nb4 {[%emt 0:00:05]} 39. Rxb4 {[%emt 0:00:08]} Kxb4 {[%emt 0:00:04]} 40. g6 {[%emt 0:00:00]} b1=Q+ {[%emt 0:00:00]} 41. Kg2 {[%emt 0:00:09]} Qxg6+ {[%emt 0:00:37]} 42. Kf1 {[%emt 0:00:09]} Qc2 {[%emt 0:00:10]} 43. h5 {[%emt 0:00:06]} Rxa5 {[%emt 0:00:03]} 44. h6 {[%emt 0:00:06]} Ra1# {[%emt 0:00:02]} 0-1

[Event "IIFL Wealth  4th Mumbai Junior U-13"]
[Site "Mumbai"]
[Date "2019.01.02"]
[Round "4"]
[White "Parab Ram Vishal"]
[Black "Sarvade Mihiir"]
[Result "1-0"]
[WhiteElo "1242"]
[BlackElo "1563"]
[Annotator "NA"]
[PlyCount "51"]
[EventDate "2018.12.30"]
[EventType "swiss"]
[EventCountry "IND"]
[SourceTitle "playchess.com"]
[Source "ChessBase"]
[SourceQuality "1"]
[TimeControl "40/5400+30:1800+30"]

1. e4 {[%emt 0:00:00]} c5 {[%emt 0:03:47]} 2. Nf3 {[%emt 0:00:28]} d6 {[%emt 0:00:03]} 3. Bc4 {[%emt 0:01:36]} Nc6 {[%emt 0:05:14]} 4. O-O {[%emt 0:02:06]} g6 {[%emt 0:03:55]} 5. Nc3 {[%emt 0:01:54]} Bg7 {[%emt 0:00:31]} 6. d3 {[%emt 0:01:52]} Nf6 {[%emt 0:02:43]} 7. Be3 {[%emt 0:02:14]} O-O {[%emt 0:01:46]} 8. d4 {[%emt 0:04:02]} Ng4 {[%emt 0:21:39]} 9. dxc5 {[%emt 0:03:51]} Nxe3 {[%emt 0:01:26]} 10. fxe3 {[%emt 0:01:30]} Na5 {[%emt 0:05:29]} 11. Be2 {[%emt 0:04:27]} dxc5 {[%emt 0:03:05]} 12. Qe1 {[%emt 0:05:43]} e6 {[%emt 0:08:44]} 13. Rd1 {[%emt 0:02:38]} Qe7 {[%emt 0:01:43]} 14. e5 {[%emt 0:02:57]} Nc6 {[%emt 0:06:28]} 15. Qg3 {[%emt 0:02:10]} Nb4 {[%emt 0:09:22]} 16. Rd2 {[%emt 0:03:47]} Bh6 {[%emt 0:03:25]} 17. Qf2 {[%emt 0:01:52]} Rd8 {[%emt 0:03:17]} 18. Rfd1 {[%emt 0:01:39]} Rxd2 {[%emt 0:02:55]} 19. Rxd2 {[%emt 0:01:17]} Qc7 {[%emt 0:04:53]} 20. a3 {[%emt 0:02:06]} Nc6 {[%emt 0:01:18]} 21. Ne4 {[%emt 0:04:53]} Ne7 {[%emt 0:04:29]} 22. Nfg5 {[%emt 0:07:51]} Bxg5 {[%emt 0:01:46]} 23. Nxg5 {[%emt 0:01:45]} Nc6 {[%emt 0:01:16]} 24. Qf6 {[%emt 0:02:34]} h6 {[%emt 0:00:35]} 25. Bb5 {[%emt 0:01:36]} Qe7 {[%emt 0:00:58]} 26. Rd8+ {[%emt 0:00:38]} 1-0